Szczegóły MARC21

Aktywność fizyczna w treningu zdrowotnym osób dorosłych. Cz. 2 /

003 -Nazwa inst., której nr kontr. jest w polu 001 [,]
    • @
    • Nazwa instytucji, której n kontrolny jest w polu 001
    • NUKAT
005 -DATA I CZAS OSTATNIEJ MODYFIKACJI [,]
    • @
    • pole kontrolne
    • 20241231091116.0
020 -Międzynarod. znormalizowany nr książki - ISBN [ , ]
    • a
    • Numer ISBN
    • 8385968520 Find
040 -Instytucja sporządzająca opis [ , ]
    • a
    • Instytucja, która sporządziła opis (NP)
    • KR 122/TZ
    • c
    • Instytucja, która sporządziła rekord (NP)
    • KR 122/TZ
    • d
    • Instytucja, która zmodyfikowała rekord (P)
    • KR 122/MN
    • d
    • Instytucja, która zmodyfikowała rekord (P)
    • BYDG 020/AMs
041 -Język dokumentu [0, ]
    • a
    • Język tekstu (P)
    • polski
    • b
    • Język streszczeń lub abstraktu (P)
    • angielski
942 -Rodzaj dokumentu [ , ]
    • c
    • Rodzaj dokumentu
    • Książka
100 -Hasło główne - nazwa osobowa [1, ]
    • a
    • Nazwa osobowa (NP)
    • Drabik, Józef
    • d
    • Daty biograficzne (NP)
    • (1939-2019).
    • 9
    • KHW
    • 13471
245 -Strefa tytułu i oznaczenia odpowiedzialności [1,0]
    • a
    • Tytuł
    • Aktywność fizyczna w treningu zdrowotnym osób dorosłych. Find
    • n
    • Oznaczenie części (P)
    • Cz. 2 /
    • c
    • Pozostałe elementy strefy tytułu i oznaczenia odpowiedzialności (NP)
    • Józef Drabik.
260 -Strefa adresu wydawniczego [ , ]
    • a
    • Miejsce wydania (P)
    • Gdańsk :
    • b
    • Nazwa wydawcy (P)
    • Wydawnictwo Uczelniane AWF,
    • c
    • Data wydania (P)
    • 1996.
300 -Strefa opisu fizycznego [ , ]
    • a
    • Określenie formy książki i/lub objętość (NP)
    • 232 s. :
    • b
    • Oznaczenie ilustracji (NP)
    • rys., wykr. ;
    • c
    • Format (NP)
    • 23 cm.
336 -Typ zawartości [ , ]
    • a
    • Termin opisujący typ zawartości
    • Tekst
    • b
    • Kod określający zawartość
    • txt
    • 2
    • Źródło (terminu i kodu)
    • rdacontent
337 -Typ mediów [ , ]
    • a
    • Tryb odtwarzania
    • Bez urządzenia pośredniczącego
    • b
    • Kod typu mediów
    • n
    • 2
    • Źródło (terminu i kodu)
    • rdamedia
338 -Typ/rodzaj nośnika [ , ]
    • a
    • Hasło opisujące typ nośnika
    • Wolumin
    • b
    • Kod typu nośnika
    • nc
    • 2
    • Źródło (terminu i kodu)
    • rdacarrier
500 -Uwaga ogólna [ , ]
    • a
    • Uwaga ogólna (NP)
    • Cz. 1 ukazała się pod tyt.: Aktywność fizyczna w edukacji zdrowotnej społeczeństwa (1995).
500 -Uwaga ogólna [ , ]
    • a
    • Uwaga ogólna (NP)
    • Cz. 3 ukazała się pod tyt.: Promocja aktywności fizycznej - zarys problematyki (1997).
504 -Uwaga dot. bibliogr. załącznikowej [ , ]
    • a
    • Uwaga dot. bibliografii załącznikowej
    • Bibliogr. przy rozdz.
546 -Uwaga dot. języka [ , ]
    • a
    • Uwaga dot. języka
    • Streszcz. ang.
080 -Uniwersalna Klasyfikacja Dziesiętna [ , ]
    • a
    • Symbol klasyfikacji
    • 796.012.
080 -Uniwersalna Klasyfikacja Dziesiętna [ , ]
    • a
    • Symbol klasyfikacji
    • :612
080 -Uniwersalna Klasyfikacja Dziesiętna [ , ]
    • a
    • Symbol klasyfikacji
    • :616-092
980 -Symbol UKD [ , ]
    • a
    • UKD
    • 796.012.:612:616-092
710 -Hasło dodatkowe - nazwa ciała zbiorowego [2, ]
    • a
    • Nazwa ciała zbiorowego lub nazwa geograficzna jako pierwszy element (NP)
    • Akademia Wychowania Fizycznego im. Jędrzeja Śniadeckiego (Gdańsk).
    • b
    • Nazwa jednostki podrzędnej (P)
    • Wydawnictwo Uczelniane AWF.
    • 4
    • Kod relacji
    • pbl
    • 9
    • KHW
    • 78353
920 -ISBN [ , ]
    • a
    • ISBN
    • 83-85968-52-0 Find
Numer inwentarzowy Data inwentaryzacji Status udost. Sygnatura Lokalizacja
Z.906351997-11-251Z.90635BG
W.1927381997-11-25-3 BG
W.1927391997-11-25-3W.192738BG
W.1927401997-11-25-3W.192738BG
W.1927411997-11-252W.192738BG
W.1927421997-11-252W.192738BG
WF.53031997-11-251Aktywność fizyczna 04BM
WF.53041997-11-25-3 BM